Music Quiz

Random Music or Singers Quiz
Score 0/24 Timer 06:00
1 Play Today
% Correct
Stevie Wonder
94.1%
John Lennon
93.9%
Rod Stewart
84.6%
Bob Dylan
80.1%
Tupac
79.3%
James Brown
78.5%
Ice Cube
75.5%
Pitbull
75.3%
Billy Joel
72.3%
Phil Collins
69.8%
Meat Loaf
67%
Ricky Martin
65.3%
% Correct
Luciano Pavarotti
63.1%
Roy Orbison
60.7%
Little Richard
58.9%
Ludacris
49.2%
Adam Lambert
46.2%
Zayn Malik
43.7%
Tim McGraw
43.3%
Calvin Harris
28.4%
Shawn Mendes
26.8%
George Strait
24.6%
Kendrick Lamar
22.2%
Otis Redding
21%
Remove Ads.
Support Sporcle.
Get the best of Sporcle when you Go Orange. This ad-free experience offers more features, more stats, and more fun while also helping to support Sporcle. Thank you for becoming a member.

You're not logged in!

Compare scores with friends on all Sporcle quizzes.
OR
Log In

Show Comments

Extras

Top Quizzes Today


Score Distribution

Your Account Isn't Verified!

In order to create a playlist on Sporcle, you need to verify the email address you used during registration. Go to your Sporcle Settings to finish the process.

Report this User

Report this user for behavior that violates our Community Guidelines.

Details: